Vplyv kalamity na cestovný ruch vo Vysokých Tatrách

Obnova zničených Tatier. Zdroje pomoci z EÚ - možnosť požiadania o podporu v rámci štrukturálnych fondov, SOP Priemysel a služby - podpora budovania a rekonštrukcie infraštruktúry cestovného ruchu, ako aj možnosť využiť cezhraničnú spoluprácu v rámci programu Phare, Interreg IIIA. Priority - budovan...

Description complète

Enregistré dans:
Détails bibliographiques
Format: Chapitre de livre
Langue:slovaque
Sujets:
Tags: Ajouter un tag
Pas de tags, Soyez le premier à ajouter un tag!

MARC

LEADER 00000naa$a2200000$$$4500
001 0028578
005 20231006120706.2
041 0 |a slo 
044 |a SK 
245 1 0 |a Vplyv kalamity na cestovný ruch vo Vysokých Tatrách 
520 |a Obnova zničených Tatier. Zdroje pomoci z EÚ - možnosť požiadania o podporu v rámci štrukturálnych fondov, SOP Priemysel a služby - podpora budovania a rekonštrukcie infraštruktúry cestovného ruchu, ako aj možnosť využiť cezhraničnú spoluprácu v rámci programu Phare, Interreg IIIA. Priority - budovanie infraštruktúry, socio-ekonomický rozvoj. 
610 2 0 |a ruch cestovný 
610 2 0 |a zdroje finančné cudzie 
610 2 0 |a Európska únia 
610 2 0 |a fondy štruktúrne 
610 2 0 |a spolupráca cezhraničná 
610 2 0 |a Slovensko 
610 2 0 |a Vysoké Tatry